[Event "NC Open 2008"]
[Site "?"]
[Date "2008.11.01"]
[Round "1"]
[White "Graves, Joe"]
[Black "Hales, William"]
[Result "1/2-1/2"]
[WhiteElo "1756"]
[BlackElo "1631"]
[Annotator "Rybka 3 (60s)"]
[PlyCount "84"]
[SourceDate "2006.11.11"]

{B12: Caro-Kann: Advance Variation} 1. e4 c6 {Prevents intrusion on b5} 2. d4
d5 3. e5 {White wins space} c5 4. c3 Nc6 5. Nf3 (5. Be2 cxd4 6. cxd4 Bf5 $14)
5... Bg4 (5... cxd4 6. cxd4 Bf5 7. Be2 $14) 6. Be2 (6. dxc5 e6 $11) 6... cxd4 (
6... Bxf3 7. Bxf3 e6 8. O-O $11) 7. cxd4 {
Black has a cramped position. Black's piece can't move: f8.} (7. Nxd4 Bxe2 8.
Qxe2 e6 $11) 7... Qb6 8. O-O e6 9. Be3 Qxb2 10. Nbd2 Qb6 (10... Bf5 11. Ne1 $11
) 11. Rb1 $11 Qc7 12. Qb3 {White threatens to win material: Qb3xb7} Rb8 {
White has an active position} 13. Rfc1 Nge7 {
Black should quickly conclude development.} 14. h3 Bxf3 (14... Bf5 15. Rb2 $11)
15. Nxf3 $14 ({Instead of} 15. gxf3 h6 $15) 15... a6 {Consolidates b5} (15...
h6 16. Rc2 $14) 16. a4 (16. Qb6 Qd8 $16) 16... h6 {Controls g5} 17. Ne1 (17.
Bd2 g6 $14) 17... g6 {Covers h5} 18. g4 Bg7 (18... g5 19. Rb2 $14) 19. Nd3 $14
O-O {Black has a cramped position} 20. Nc5 {
White threatens to win material: Nc5xb7} Rfc8 21. Qb6 Qxb6 22. Rxb6 Na5 23.
Rcb1 {Black has a cramped position} Nec6 24. Nxb7 Nc4 (24... Nxb7 $142 $5 {
looks like a viable alternative} 25. Rxb7 Rxb7 26. Rxb7 a5 $16) 25. Bxc4 $18
dxc4 26. Nd6 Rd8 27. Rxb8 Rxb8 28. Rxb8+ Nxb8 29. Nxc4 Bf8 30. h4 {
White prepares the advance g5} (30. Nb6 g5 $18) 30... Nc6 (30... h5 31. f3 $16)
31. Kf1 (31. h5 gxh5 32. gxh5 Bb4 $16) 31... Be7 (31... h5 32. f3 $16) 32. g5 (
32. h5 Kg7 $16) 32... h5 33. Ke2 Kf8 34. Kd3 Nb4+ 35. Ke4 Ke8 36. Nb6 Bd8 37.
Bd2 Bxb6 38. Bxb4 Kd7 39. Bc5 {White threatens to win material: Bc5xb6} (39. a5
$5 Bd8 40. d5 exd5+ 41. Kxd5 $18) 39... Ba5 40. d5 exd5+ 41. Kxd5 Be1 42. Bd4
Bb4 1/2-1/2

[Event "NCO 2008"]
[Site "?"]
[Date "2008.11.01"]
[Round "2"]
[White "Pursel, Bill"]
[Black "Hales, William"]
[Result "0-1"]
[WhiteElo "1794"]
[BlackElo "1631"]
[Annotator "Rybka 3 (60s)"]
[PlyCount "132"]
[SourceDate "2006.11.11"]

{D01: Veresov Opening} 1. d4 Nf6 2. Nc3 d5 3. Bg5 c6 {Prevents intrusion on b5}
4. e3 Bf5 5. Bd3 {White threatens to win material: Bd3xf5} Bg6 6. Nf3 Nbd7 7.
Qe2 (7. h3 e6 $11) 7... e6 $11 {Secures f5} 8. e4 dxe4 9. Nxe4 Be7 10. Nxf6+ (
10. O-O Nxe4 11. Bxe7 Qxe7 12. Bxe4 Bxe4 13. Qxe4 O-O $11) 10... Bxf6 (10...
gxf6 11. Bd2 $11) 11. h4 Bh5 {Black has a cramped position} 12. O-O-O (12. Be3
Qa5+ 13. Qd2 Qa4 $11) 12... Bxg5+ $15 13. hxg5 Bxf3 14. Qxf3 Qxg5+ 15. Kb1 h6 (
15... Nf6 16. g3 $15) 16. Rh5 {White threatens to win material: Rh5xg5} (16.
Rh3 Qe7 $15) 16... Qf6 $15 17. Qe3 Nb6 18. Be4 (18. Rf5 Qe7 19. Re1 O-O-O $15)
18... O-O-O 19. c3 Nd5 {Black threatens to win material: Nd5xe3} 20. Qg3 {
Black king safety dropped} g6 {Black threatens to win material: g6xh5} 21. Re5
g5 (21... h5 22. Rd3 $17) 22. Re1 (22. Rh1 Rhf8 $15) 22... Rhe8 (22... Qf4 $142
$15) 23. c4 $2 (23. Rh1 Nc7 $15) 23... Nf4 (23... Nb6 24. Rd1 Nxc4 25. Bxc6
bxc6 26. Rc5 Qg6+ 27. Ka1 $19) 24. Qc3 (24. Qf3 g4 25. Qe3 Rg8 $17) 24... Ng6
25. Bxg6 Qxg6+ (25... fxg6 $6 26. f3 $11) 26. Ka1 (26. Kc1 Rd7 $17) 26... Qf6 (
26... Re7 27. a3 $17) 27. f3 (27. Qe3 Kb8 $17) 27... Qf4 (27... Kb8 28. Qe3 $17
) 28. d5 $15 {White gains space} c5 (28... Re7 29. a3 $15) 29. Qa5 Kb8 30. Qxc5
f6 $4 {Black lets it slip away} (30... Rc8 $142 $5 {should be considered} 31.
Qe3 Qxc4 $11) 31. R5e4 {White threatens to win material: Re4xf4} (31. Rxe6 $5
Rxe6 32. dxe6 $18) 31... Qf5 (31... Qd2 32. Qg1 e5 33. Rd1 $14) 32. b4 {
White king safety dropped} (32. Qb5 $5 $16) 32... e5 $14 {
White has a new protected passed pawn: d5} 33. Rd1 Qd7 34. b5 {
White gets more space} (34. Qe3 Qa4 35. Qe1 Qc2 $14) 34... Rc8 $11 {
Black threatens to win material: Rc8xc5} 35. Qb4 {Black king safety improved}
b6 {White has a new backward pawn: c4} 36. Kb2 Rc5 37. a4 Rec8 38. Rh1 {
White threatens to win material: Rh1xh6} (38. Rc1 Qc7 $11) 38... Qh7 (38... f5
39. Rxe5 Qc7 40. Re6 Rxc4 41. Qd6 Qxd6 42. Rxd6 Rxa4 43. Re1 $15) 39. Kb3 (39.
g4 Kb7 $11) 39... h5 40. a5 g4 {This push gains space} 41. axb6 axb6 42. Ra1
gxf3 43. Qa3 (43. gxf3 $5 {is worth consideration} f5 44. Rxe5 Rxc4 45. Qd6+
Qc7 46. Qxc7+ R4xc7 47. Rxf5 Rc3+ 48. Kb2 Rc2+ 49. Ka3 R2c3+ 50. Kb2 Rc2+ 51.
Ka3 R2c3+ 52. Ka2 Rc2+ 53. Ka3 $11) 43... Qb7 $17 44. gxf3 Rg8 $4 {
Black has let it slip away} (44... Rxb5+ $142 $1 {is a viable option} 45. cxb5
Qxd5+ 46. Ka4 f5 $15) 45. Re2 (45. Qb2 $5 $16) 45... Rg3 $14 {
Black threatens to win material: Rg3xf3} 46. Kb4 (46. Rf2 $142 $14) 46... Rc8
$4 {gives the opponent counterplay} (46... Rxc4+ $142 47. Kxc4 Qc8+ 48. Kd3
Rxf3+ 49. Re3 Rxe3+ 50. Kxe3 Qh3+ 51. Ke2 Qg2+ 52. Ke3 Qg3+ 53. Ke2 Qg2+ 54.
Ke3 Qg3+ 55. Ke2 Qg2+ $11) 47. Rh2 $4 {simply marches past the door to victory}
(47. Qd3 $142 {White would have gained the upper hand} Rh3 48. Qe4 $18) 47...
Qe7+ $19 48. Ka4 Rxc4+ 49. Kb3 Qxa3+ (49... Rxf3+ 50. Kb2 Rb4+ 51. Kc1 Qc5+ 52.
Kd1 Rxa3 53. Rxa3 Qg1+ 54. Kc2 Qxh2+ 55. Kd3 Qg3+ 56. Kc2 Qxa3 57. Kd1 Rb2 58.
d6 Qa1#) 50. Rxa3 $19 Rf4 51. Ra6 $2 (51. Kc2 $142 h4 52. Rc3 $19) 51... Rgxf3+
52. Kc2 Rf2+ 53. Rxf2 Rxf2+ 54. Kd3 Kb7 (54... Kc7 {seems even better} 55. d6+
Kxd6 56. Rxb6+ Kc5 57. Rb8 $19) 55. Ra4 (55. d6 Rf4 56. Ra2 $19) 55... Rf3+ 56.
Ke2 Rf4 57. Ra3 Rd4 (57... Kc7 {might be the shorter path} 58. Rc3+ Kd6 59.
Rc6+ Kxd5 60. Rxb6 $19) 58. Rh3 (58. Rg3 {does not improve anything} Re4+ 59.
Kf2 Rf4+ 60. Ke1 Kc7 61. Rc3+ Kd6 62. Rc6+ Kxd5 63. Rxb6 h4 $19) 58... Rxd5 (
58... h4 {and Black can already relax} 59. Rf3 Re4+ 60. Kd2 $19) 59. Rxh5 (59.
Rf3 {cannot change destiny} Rd6 60. Rg3 Kc8 $19) 59... Rd7 (59... Kc7 $142 {
makes it even easier for Black} 60. Rf5 Rd6 61. Rf1 $19) 60. Rf5 Rf7 61. Ke3 (
61. Rh5 Kc7 62. Rh8 Kd6 $19) 61... Kc7 62. Rf1 Kd6 63. Rc1 (63. Rd1+ Ke6 64.
Rd8 $19) 63... Rc7 64. Rd1+ Ke6 65. Rd8 Rc5 66. Re8+ Kf5 0-1

[Event "Asheboro Open 40"]
[Site "?"]
[Date "2008.09.06"]
[Round "3"]
[White "Holmes, Adam"]
[Black "Lawson, Josh"]
[Result "0-1"]
[WhiteElo "2003"]
[BlackElo "1940"]
[Annotator "Rybka 2.3 32-bit  (60s)"]
[PlyCount "110"]
[EventDate "2008.??.??"]
[SourceDate "2006.11.11"]

{A08: King's Indian Attack} {Hey this is Josh Lawson. I will be annotating my
final round game in the Asheboro Open 40. In the final round, I had to face
powerhouse player Adam Holmes. Knowing that just last month, Adam upset FM Ron
Simpson, I knew I was going to have my hands full! But with careful and
tactical play, I managed to upset one of NC's rising stars.} 1. e4 e6 2. d3 d5
3. Nd2 c5 4. Ngf3 Nc6 5. g3 g6 6. Bg2 Bg7 7. O-O {
LAWSON:  Typical setup for white in the Kings Indian Attack.} Nge7 8. Re1 O-O
9. Nf1 {LAWSON:  I really didnt want to play this move at first. I kept eyeing
f5, but I didnt want his rook to get to active in the beginning of the game.}
dxe4 (9... b6 10. Rb1 Bb7 11. Bg5 f6 12. Bd2 d4 13. h4 e5 14. g4 h6 15. Ng3 Bc8
16. Nh2 Be6 17. b3 b5 18. Rf1 g5 19. Qc1 Ng6 20. Nf5 Rf7 21. Ra1 a6 22. Nf3
Rfa7 23. Qb2 Bf8 24. Rfd1 {
Schulze,M-Timpel,K (2287)/Germany 2003/EXT 2004/0-1 (33)}) 10. dxe4 b6 {
LAWSON:  No need to exchange Queens at the moment. My plan is to put as much
pressure on the e4 pawn as I can, and try to take control of e5.} 11. c3 Bb7
$146 (11... Qxd1 12. Rxd1 Ba6 13. Bg5 (13. Bf4 e5 14. Bg5 Rad8 15. h4 h6 16.
Be3 f5 17. exf5 gxf5 18. Rxd8 Rxd8 19. Ne1 Kf7 20. Bf3 e4 21. Bh5+ Ke6 22. Rd1
Rxd1 23. Bxd1 Ne5 24. Nd2 Nd5 25. Bc2 Nxe3 26. fxe3 Ng4 27. Ng2 Be5 {
Keuchkerian Burgui,K-Mellado Trivino,J (2270)/Aviles 1991/EXT 2004/0-1 (36)})
13... Rad8 14. N1d2 h6 15. Bxe7 Nxe7 16. Bf1 Bb7 17. Bc4 g5 18. h3 Ng6 19. a4
Rd7 20. Bb5 Rd6 21. a5 Rfd8 22. Be2 Ne5 23. Nxe5 Rxd2 24. Nc4 Rxd1+ 25. Rxd1
Rxd1+ 26. Bxd1 {Vu Dinh Hung-Nguyen Van Huy/Ho Chi Minh 2001/EXT 2004/0-1 (38)}
) (11... Ba6 12. Qa4 Qc8 13. Rd1 b5 14. Qc2 Qc7 15. Be3 Na5 16. a4 Nc4 17. Bf4
e5 18. axb5 Bxb5 19. Bc1 Nb6 20. Be3 c4 21. b3 Qc6 22. N1d2 cxb3 23. Nxb3 Ba4
24. Nfd2 Rfc8 25. Rdc1 Qe8 26. Qa2 {
Sedina,E (2400)-Maksimenko,A (2545)/Nova Gorica 1997/CBM 056 ext/1-0 (42)}) 12.
Bf4 Qxd1 13. Raxd1 Rfd8 {LAWSON:  Another error! Adam played a disturbing move
and showed me why exchanging queens was a bad idea.} 14. Bc7 {LAWSON:  Nice!!}
Rxd1 {LAWSON:  Forced} 15. Rxd1 Kf8 {LAWSON:  This move took me awhile to see.
But with careful analysis, I saw that if the rook came to the 7th, it would be
useless.} 16. Ne3 Ba6 17. e5 {LAWSON:  I dont think this was a good move by
Adam. He should have played Ne1! and put pressure on my c6 knight Maybe play
Bd6 and then e5!?} Rc8 18. Bd6 {The bishop dominates} Ke8 {LAWSON:  Unpinning
my Knight and threatining Be2. Adding more pressure to the e5 pawn.} 19. Bf1
Bxf1 20. Kxf1 Rd8 21. a4 a6 22. Re1 (22. Ke2 Nc8 $11) 22... Nc8 $15 {
Black threatens to win material: Nc8xd6} 23. Nc4 {
LAWSON:  Im not sure about this move. Maybe Rd1 is better.} b5 24. axb5 axb5
25. Na3 {LAWSON:  The e5 pawn will be lost now. And with my dark squared
bishop, white will have to try and trade my powerful bishop for one of his
weak knights.} Nxd6 26. exd6 Na7 {
LAWSON:  Hanging on to b5 and soon the c pawn will march his way to the 8th.}
27. Ng5 Rxd6 28. Ne4 {White threatens to win material: Ne4xd6   LAWSON:  Even
though taking on h7 looks ugly, I think white could have gotten away with it.}
Rc6 29. Rd1 {LAWSON:  I didnt really care about white taking control of the e
file because his rook is useless. Even though it looks powerful, it really
isnt.} Ke7 30. Ke2 f5 31. Ng5 h6 32. Nf3 {
LAWSON:  Trying to cramp white's position.} Bf6 33. Ra1 Ra6 {
LAWSON:  Threatning b4, and winning the b and c pawns!} 34. Rc1 e5 35. Rd1 e4 {
LAWSON:  Whites Knight cannot find a good square, and soon it will be allalone.
} 36. Ne1 $2 (36. Nh4 Bxh4 37. gxh4 Rd6 $17) 36... b4 {
LAWSON:  I think better was Bxc3! But b4 is also playable.} (36... Bxc3 $142 {
might be the shorter path} 37. bxc3 Rxa3 $19) 37. Nb1 $4 {
a blunder in a bad position} (37. cxb4 $142 cxb4 38. Nc4 $19) 37... Ra2 38. Rd2
Nb5 {LAWSON:  The Knight will find a good home on d4.} (38... Bg5 {
seems even better} 39. cxb4 Bxd2 40. Nxd2 cxb4 41. Nc4 $19) 39. cxb4 (39. Ng2
bxc3 40. Nxc3 Bxc3 41. bxc3 Nxc3+ 42. Ke3 Ra3 $19) 39... Nd4+ 40. Kf1 cxb4 {
LAWSON:  Trapping the b Knight and making his pieces tied down to each other.}
41. h4 (41. Nc2 {cannot change what is in store for ?} Nb3 42. Nxb4 Nxd2+ 43.
Nxd2 Rxb2 44. Nd5+ Kd6 $19) 41... Ra1 42. Rd1 {LAWSON:  The only good move.}
Nb3 {LAWSON:  Threatning the cute Rxb1!!} 43. Ke2 (43. Kg2 {doesn't do any good
} Nd2 $1 $19 {decapitation}) 43... Ra2 {LAWSON:  Now the Rook has a place on
a2 cause my Knight covers d2 from his Rook going to that square.} 44. Ng2 Bxb2
(44... Rxb2+ $142 {keeps an even firmer grip} 45. Ke1 Bc3+ 46. Nxc3 bxc3 $19)
45. Ke3 {LAWSON:  A blunder by Adam. He should have tried Ne3. Now he has to
give up a piece or go down the exchange, and the rest is now a matter of
technique!!} (45. Ke1 {no good, but what else?} Bc1 46. Nf4 $19) 45... Bc1+ 46.
Nd2 {LAWSON:  Rxc1 was better. Still a lost endgame though.} (46. Rxc1 {
is the last straw} Nxc1 47. Nf4 $19) 46... Bxd2+ 47. Ke2 Bc1+ {
LAWSON:  I missed Nd4+ but didnt miss it on the second try.} (47... Nd4+ 48.
Kf1 b3 $19) 48. Ke1 Bd2+ (48... Nc5 $142 {makes it even easier for Black} 49.
Rd5 Nd3+ 50. Kf1 Rxf2+ 51. Kg1 b3 $19) 49. Ke2 Nd4+ 50. Kf1 Nf3 {
LAWSON:  b3 was also good.} (50... b3 51. Rb1 b2 $19) 51. Rb1 Kd6 52. Rd1 Kc5
53. Ne3 {LAWSON:  There is no way white can stop the b pawn from advancing
without giving up his last attacker.} Bxe3 54. fxe3 b3 55. Rc1+ {
LAWSON:  What else can white do?  If Rc7 then Ra5!} Kb4 {LAWSON:  Here white
resigned. Its uselss trying to go after the b pawn because if Rb1 then Nd2+!!
This is the second time I have played Adam. I played him about 3 or 4 years
ago at the NC Open and he beat me bad. So I needed to get some revenge. But
all in all, Adam is a great player and a nice guy, and I hope we have more
heated battles in the upcoming years! Adam is always a pleasure to see at a
tournament, and always delivers a great game, whether a win, draw, or loss.} (
55... Kb4 56. Rc8 (56. Rb1 Nd2+) 56... b2 57. Rb8+ Kc4 58. h5 Nd2+ 59. Kg1 Nb3
60. Rc8+ Kd3 61. Rd8+ Kxe3 62. Rd1 Ra1 63. Rb1 Rxb1+ 64. Kg2 Ra1 65. g4 b1=Q
66. g5 Qh1+ 67. Kg3 Rg1#) 0-1

[Event "Asheboro Open 40"]
[Site "?"]
[Date "2008.09.06"]
[Round "1"]
[White "Lawson, Josh"]
[Black "Dejong, Andrew"]
[Result "1-0"]
[WhiteElo "1940"]
[BlackElo "1796"]
[Annotator "Rybka 2.3 32-bit  (60s)"]
[PlyCount "79"]
[EventDate "2008.??.??"]
[SourceDate "2006.11.11"]

{D50: Queen's Gambit Declined: Dutch-Peruvian Gambit} {188MB, D6CM2XB1} 1. d4
d5 2. c4 e6 3. Nc3 Nf6 4. Bg5 Bb4 5. Qc2 dxc4 6. e3 b5 7. Nf3 (7. a4 c6 8. Bxf6
gxf6 9. Be2 a6 10. Bf3 Ra7 11. Nge2 Rd7 12. O-O O-O (12... Bb7 13. Rfd1 O-O 14.
Nf4 Re8 15. Nh5 f5 16. e4 fxe4 17. Nxe4 Be7 18. Qd2 f5 19. Qh6 Bf8 20. Nef6+
Kh8 21. Qe3 Rf7 22. Nxe8 Qxe8 23. Qe5+ Bg7 24. Nxg7 Rxg7 25. Re1 Nd7 26. Qxe6
Qxe6 27. Rxe6 {
Naranjo Espinosa,S-Ramirez Garcia,E/Bogota 2004/CBM 101 ext/1-0 (40)}) 13. Rfd1
f5 14. axb5 axb5 15. b3 cxb3 16. Qxb3 Be7 17. Nf4 Rd6 18. Nd3 Nd7 19. Rdc1 e5
20. Nxe5 Nxe5 21. dxe5 Rd3 {
Wehmeier,S (2340)-Kotronias,V (2550)/Munich 1993/TD/0-1 (42)}) 7... Bb7 $146 (
7... Nbd7 8. Be2 c6 9. O-O Bxc3 10. Qxc3 Qc7 11. Bxf6 Nxf6 12. Ne5 Bb7 13. Bf3
O-O 14. Rac1 Rac8 15. b3 Nd5 16. Bxd5 cxd5 17. bxc4 f6 18. Nd3 bxc4 19. Nc5
Rfe8 20. Rb1 Rb8 21. Rb2 Bc8 22. Rfb1 {
Baquer,M (1620)-Teboul,R (1790)/Provence 2003/EXT 2005/0-1 (68)}) 8. Be2 Nbd7
9. O-O a6 {Covers b5} 10. Rad1 Be7 11. a4 c6 {Secures d5} 12. e4 h6 {
Black threatens to win material: h6xg5} 13. Bh4 O-O 14. Rfe1 Re8 15. h3 {
Prevents intrusion on g4} Qb6 16. Bg3 {White plans e5} Rad8 17. e5 {
White threatens to win material: e5xf6} Nd5 {
A comfortable square for the black knight} 18. Qe4 (18. Ne4 $5 $15 {
looks like a viable alternative}) 18... c5 $17 19. Qg4 cxd4 20. Nxd4 Nxc3 (
20... Bb4 $5 21. Nxd5 Bxd5 $17) 21. bxc3 $15 f5 {
Black threatens to win material: f5xg4} (21... bxa4 $5 22. Bxc4 Nc5 $15) 22.
Qh5 $11 Bc5 23. Bh4 {White threatens to win material: Bh4xd8} Be7 $4 {
a transit from better to worse} (23... Nf8 $142 $11 {
was a good chance to save the game}) 24. a5 $1 $18 {doomsday} Qxa5 $4 {
Black falls apart. A deflection} (24... Qa7 25. Nxe6 Bxh4 26. Qxh4 Rxe6 27.
Qxd8+ Nf8 $18) 25. Nxe6 Bxh4 (25... Qb6 {does not improve anything} 26. Qg6 Bf8
27. Nxf8 Qxg6 28. Nxg6 Nf8 29. Rxd8 Rxd8 30. Bxd8 Nxg6 $18) 26. Nxd8 (26. Rxd7
$142 {and White has prevailed} Re7 27. Rxd8+ Qxd8 28. Nxd8 $18) 26... Qxd8 (
26... Bxf2+ 27. Kxf2 Qxd8 28. Bf3 Bxf3 29. Qxf3 $16) 27. Qxf5 (27. e6 $142 $5
Bxf2+ 28. Kf1 Bxg2+ 29. Kxf2 Rxe6 30. Kxg2 $18) 27... Rf8 {
Black threatens to win material: Rf8xf5} 28. Qe6+ Kh8 29. Rxd7 $2 (29. g3 $142
{is the best option White has} Bc8 30. Bg4 $11) 29... Bxf2+ $19 30. Kh1 Qa8 $4
{makes life more difficult} (30... Bxg2+ $142 {
would have made live much easier for Black} 31. Kxg2 Qa8+ 32. Kh2 Qe4 $19) 31.
Qg4 {White has a mate threat} (31. Qg6 $142 {and White wins} Rg8 32. Bg4 Bxg2+
33. Kh2 Bxh3 34. Bxh3 $18) 31... Bxg2+ $11 {Demolishes the pawn shield} 32. Kh2
(32. Qxg2 Qxg2+) 32... g5 $4 (32... Rg8 $142 {was possible} 33. Red1 Bc6 $11)
33. Qh5 $18 Qc6 34. Rd6 Qe4 (34... Bxe1 {otherwise it's curtains at once} 35.
Rxh6+ Qxh6 36. Qxh6+ Kg8 37. Qg6+ Kh8 38. Kxg2 Rf2+ 39. Kg1 Rxe2 40. Qh5+ Kg8
41. Qxe2 Bxc3 $18) 35. Qxh6+ (35. Rxh6+ Kg7 36. Qxg5+ Kf7 37. Bh5+ Qg6 38.
Qxg6+ Ke7 39. Qd6#) 35... Kg8 $18 36. Rg6+ Kf7 (36... Qxg6 {
there is nothing else anyway} 37. Qxg6+ Kh8 $18) 37. Qg7+ (37. Rg7+ Ke8 38.
Qe6+ Kd8 39. Qd7#) 37... Ke8 38. Re6+ Kd8 39. Qxf8+ Kc7 40. Qf7+ (40. Qf7+ Kb8
41. Re8# $18) 1-0

[Event "Asheboro Open 40"]
[Site "?"]
[Date "2008.09.06"]
[Round "2"]
[White "Lawson, Josh"]
[Black "Smithwick, John"]
[Result "1-0"]
[WhiteElo "1940"]
[BlackElo "2009"]
[Annotator "Rybka 2.3 32-bit  (60s)"]
[PlyCount "111"]
[EventDate "2008.??.??"]
[SourceDate "2006.11.11"]

{A84: Dutch Defence: 2 c4 Miscellaneous} {188MB, D6CM2XB1} 1. d4 d5 2. c4 e6 3.
Nc3 f5 4. Nf3 c6 5. e3 Bd6 6. Bd3 Qf6 7. Bd2 (7. Qc2 Bd7 (7... Ne7 8. b3 O-O 9.
Bb2 Nd7 10. O-O g5 11. cxd5 exd5 12. g3 Ng6 13. a4 Rf7 14. Ba3 Bxa3 15. Rxa3 g4
16. Ne1 Ndf8 17. Ng2 Ne6 18. f4 gxf3 19. Rxf3 Ng5 20. Rf1 Bd7 21. Raa1 Qe6 22.
Rae1 {Lee,C-Pilnick,C (2156)/Los Angeles 2003/CBM 093 ext/0-1 (44)}) 8. c5 Bc7
9. b4 Nh6 10. b5 O-O 11. a4 Be8 12. Rb1 Nd7 13. bxc6 bxc6 14. Rb7 Qd8 15. Ba3
Rf6 16. Be2 e5 17. dxe5 Nxe5 18. Nd4 Bd7 19. g3 Bc8 20. Rb3 Qe8 21. h3 Nhf7 {
Fronczek,H (2270)-Bagirov,V (2495)/Bad Wildbad 1997/EXT 99/0-1 (62)}) 7... Ne7
8. Qb3 $146 (8. O-O O-O 9. Qb3 Kh8 10. Ne2 g5 11. Bb4 Bc7 12. Qa3 Re8 13. Bd6
Bxd6 14. Qxd6 Ng6 15. Rac1 Nd7 16. cxd5 exd5 17. Qxf6+ Nxf6 18. Nxg5 Bd7 19.
Nf7+ Kg7 20. Nd6 Rf8 21. Bxf5 Ne7 22. Bxd7 Nxd7 {
Uhlmann,W-Zinn,L/Schkopau 1958/EXT 2002/1-0}) 8... O-O (8... Nd7 9. cxd5 exd5
10. a4 $14) 9. h4 (9. cxd5 Nxd5 10. e4 Nxc3 11. bxc3 fxe4 12. Bxe4 Nd7 $16)
9... Nd7 10. Ne2 (10. cxd5 $5 exd5 11. e4 $16) 10... dxc4 $11 11. Bxc4 Nd5 12.
Ng5 h6 (12... N7b6 13. Bxd5 Nxd5 14. e4 fxe4 15. Nxe4 $11) 13. e4 $14 fxe4 14.
Nxe4 Qe7 15. Bxd5 (15. Nxd6 Qxd6 16. O-O N7f6 $14) 15... exd5 $11 16. Nxd6 Qxd6
{Black's piece can't move: c8} 17. Bb4 c5 18. dxc5 Nxc5 {
Black has a new passed pawn: d5.} 19. Rd1 Rd8 20. Qa3 b6 {Covers a5+c5} 21. O-O
Bg4 22. f3 {Consolidates e4} Bd7 (22... Bh5 23. Rc1 Rac8 24. Rfe1 $11) 23. Nc3
$14 {White threatens to win material: Nc3xd5} Qg3 (23... d4 24. Ne4 Qd5 25.
Bxc5 bxc5 26. Qxc5 Qxc5 27. Nxc5 $16) 24. Bxc5 $16 bxc5 25. Qxc5 Qxh4 26. Qxd5+
(26. Rd4 Qg5 $16) 26... Kh8 27. Qe4 Qf6 $4 {
the position is going down the drain} (27... Qxe4 $142 28. Nxe4 Kg8 $16) 28.
Rxd7 $1 $18 {Annihilates a defender: d7} Qb6+ (28... Rxd7 {A deflection} 29.
Qxa8+) 29. Rf2 Re8 (29... Rxd7 {doesn't improve anything} 30. Qxa8+ Rd8 31. Qe4
$18) 30. Qd4 (30. Qg4 {makes it even easier for White} Re1+ 31. Kh2 Re7 $18)
30... Re1+ 31. Rf1 Rxf1+ 32. Kxf1 Qa6+ (32... Qxd4 {
doesn't get the cat off the tree} 33. Rxd4 Rb8 34. Rd7 $18) 33. Kg1 Rg8 (33...
Qb6 {doesn't change the outcome of the game} 34. Qxb6 axb6 35. Rb7 $18) 34.
Rxa7 (34. Rd6 $142 {ends the debate} Qxd6 35. Qxd6 Re8 $18) 34... Qe6 (34...
Qg6 {does not solve anything} 35. a4 $18) 35. Ne4 Qc8 (35... Qg6 {
cannot change what is in store for ?} 36. b4 Rc8 37. b5 Rc1+ 38. Kf2 Rc2+ 39.
Nd2 $18) 36. Nd6 Qc1+ (36... Qe6 {there is nothing better in the position} 37.
b4 Qg6 $18) 37. Kh2 Qc6 38. Nf7+ Kh7 39. Qe4+ (39. Ne5 $142 {
and White has reached his goal} Qc2 40. Ng4 $18) 39... Qxe4 40. fxe4 Kg6 (40...
Re8 {a fruitless try to alter the course of the game} 41. e5 Re6 42. b4 $18)
41. Ne5+ Kf6 (41... Kg5 {doesn't get the bull off the ice} 42. Kg3 h5 43. Nf3+
Kg6 44. b4 $18) 42. Nf3 (42. Nd7+ $5 {keeps an even firmer grip} Ke7 $18) 42...
g5 (42... Kg6 {is not the saving move} 43. Kg3 Rb8 44. Ne5+ Kh7 45. b3 $18) 43.
Ra6+ Kg7 44. Kg3 (44. Nd4 Re8 45. Nf5+ Kg8 46. Rg6+ Kf7 47. Nd6+ Kxg6 48. Nxe8
Kf7 $18) 44... Re8 (44... Rb8 {is not much help} 45. b3 Rc8 46. Ra7+ Kf6 47.
e5+ Kf5 48. Ra6 $18) 45. e5 Rb8 (45... h5 {cannot change destiny} 46. Ra5 Kg6
47. b4 $18) 46. b3 Rb4 (46... Rb5 {cannot undo what has already been done} 47.
Kg4 Rb4+ 48. Kh5 $18) 47. Ra4 Rb5 48. Re4 Kf7 (48... Rb7 {
does not improve anything} 49. e6 Re7 50. a4 $18) 49. Kg4 (49. e6+ {
and White can already relax} Ke8 50. Kg4 Ra5 $18) 49... Kg6 (49... Rb7 {
does not save the day} 50. e6+ Kf6 51. e7 Rxe7 52. Rxe7 Kxe7 53. a4 $18) 50. e6
h5+ 51. Kg3 Rb8 52. e7 Re8 53. Nd4 (53. Re6+ Kg7 54. Nxg5 Rxe7 55. Rxe7+ Kf6
56. Re1 Kxg5 57. a4 h4+ 58. Kh3 Kf5 59. a5 Kf6 60. Kxh4 Kg6 61. a6 Kf5 62. a7
Kf6 63. a8=Q Kg7 64. Re7+ Kf6 65. Qe8 Kf5 66. Qf7#) 53... Kf7 54. Nb5 Rxe7 55.
Rxe7+ Kxe7 56. a4 (56. a4 Kd8 57. Nd6 $18) 1-0